[Event "AUT-ch U18"]
[Site "St Veit"]
[Date "2021.10.29"]
[Round "7.9"]
[White "Brandauer, Martin"]
[Black "Wendl, Paul"]
[Result "0-1"]
[WhiteElo "1702"]
[BlackElo "1639"]
[PlyCount "98"]
[EventDate "2021.10.25"]
[EventType "swiss"]
[EventRounds "7"]
[EventCountry "AUT"]
[SourceTitle "EXT 2023"]
[Source "ChessBase"]
[SourceDate "2022.10.05"]
[SourceVersion "1"]
[SourceVersionDate "2022.10.05"]
[SourceQuality "1"]

1. f4 d5 2. c4 Nf6 3. Nc3 e6 4. d4 Be7 5. e3 0-0 6. Nf3 c5 7. Bd3 dxc4 8. Bxc4 Nc6 9. 0-0 a6 10. b3 cxd4 11. exd4 b5 12. Bd3 Bb7 13. Be3 Bb4 14. Ne2 Nd5 15. Bf2 Qe7 16. Qc2 h6 17. Nh4 Rac8 18. Bh7+ Kh8 19. Qd3 Nf6 20. Bg6 Rfd8 21. a3 Bc5 22. Rfc1 Bb6 23. Qe3 Nxd4 24. Nxd4 Bxd4 25. Qe2 Bxf2+ 26. Kxf2 Kg8 27. Bd3 Nd5 28. Qg4 Nxf4 29. Qxf4 Rxd3 30. Nf3 Rdc3 31. Rxc3 Rxc3 32. b4 Bxf3 33. gxf3 Qa7+ 34. Kg3 Qc7 35. Qxc7 Rxc7 36. a4 Rc4 37. axb5 axb5 38. Rb1 Kf8 39. Kf2 Ke7 40. Ke3 g5 41. h3 f5 42. Kf2 Kf6 43. Kg3 Ke5 44. Rb2 Kd5 45. Rb1 h5 46. Rb2 Rd4 47. Rb3 g4 48. hxg4 hxg4 49. f4 Kc4 0-1

[Event "AUT-ch U18"]
[Site "St Veit"]
[Date "2021.10.26"]
[Round "3.9"]
[White "Brandauer, Martin"]
[Black "Loreth, Thomas"]
[Result "0-1"]
[WhiteElo "1702"]
[BlackElo "1521"]
[PlyCount "90"]
[EventDate "2021.10.25"]
[EventType "swiss"]
[EventRounds "7"]
[EventCountry "AUT"]
[SourceTitle "EXT 2023"]
[Source "ChessBase"]
[SourceDate "2022.10.05"]
[SourceVersion "1"]
[SourceVersionDate "2022.10.05"]
[SourceQuality "1"]

1. d4 d5 2. Nf3 c5 3. c3 Nc6 4. Bf4 Qb6 5. Qb3 Qxb3 6. axb3 cxd4 7. cxd4 Nf6 8. Nc3 Bg4 9. Nb5 e5 10. Nc7+ Kd7 11. Nxe5+ Nxe5 12. Bxe5 Bb4+ 13. Kd1 Rac8 14. Bxf6 Rxc7 15. Bxg7 Rhc8 16. f3 Bf5 17. e4 dxe4 18. Bb5+ Ke7 19. g4 Be6 20. Bc4 exf3 21. Bxe6 fxe6 22. Rf1 Rc2 23. Bh6 Rxh2 24. Bg5+ Ke8 25. Rxa7 Rxb2 26. Rxf3 Rb1+ 27. Ke2 Rc2+ 28. Kd3 Rc3+ 29. Ke4 Re1+ 30. Be3 Rc7 31. Kd3 e5 32. Ra8+ Kd7 33. Rf7+ Be7 34. dxe5 Rb1 35. Rxh7 Rxb3+ 36. Kd2 Ke6 37. Ra2 Bb4+ 38. Ke2 Rxh7 39. g5 Rh2+ 40. Bf2 Bc5 41. Kf1 Rb1+ 42. Ke2 Rxf2+ 43. Kd3 Rxa2 44. Ke4 Rb3 45. g6 Ra4# 0-1

[Event "AUT-ch U10"]
[Site "Velden"]
[Date "2014.06.21"]
[Round "5"]
[White "Brandauer, Martin"]
[Black "Lemsitzer, Simon"]
[Result "0-1"]
[WhiteElo "1090"]
[BlackElo "1219"]
[PlyCount "86"]
[EventDate "2014.06.20"]
[EventType "swiss"]
[EventRounds "7"]
[EventCountry "AUT"]
[SourceTitle "EXT 2016"]
[Source "ChessBase"]
[SourceDate "2015.10.08"]
[SourceVersion "1"]
[SourceVersionDate "2015.10.08"]
[SourceQuality "1"]

1. d4 d5 2. Nc3 Bf5 3. Bf4 c6 4. Qd2 f6 5. 0-0-0 Nd7 6. e3 e5 7. Bg3 Bb4 8. Nf3 Bg4 9. Be2 e4 10. h3 Bh5 11. Nh4 Bxe2 12. Qxe2 Bxc3 13. bxc3 g6 14. c4 Qa5 15. c5 Qxa2 16. Qg4 f5 17. Nxf5 Qa1+ 18. Kd2 Qa5+ 19. Ke2 Ngf6 20. Ng7+ Kf7 21. Qe6+ Kxg7 22. Qe7+ Kg8 23. Qe6+ Kg7 24. Bf4 Qd8 25. Rb1 Re8 26. Qd6 Nf8 27. Rxb7+ Kg8 28. Qxc6 Re6 29. Qb5 a6 30. Qa4 Qc8 31. Rc7 Qe8 32. Qb4 Rb8 33. Qa5 Qb5+ 34. Qxb5 Rxb5 35. c6 Rb6 36. Bh6 Rbxc6 37. Rg7+ Kh8 38. Rf7 N8d7 39. Ra1 Rxc2+ 40. Kd1 Rxf2 41. Rxa6 Rxa6 42. Bg7+ Kg8 43. Re7 Ra1# 0-1

[Event "AUT-ch U10"]
[Site "Velden"]
[Date "2014.06.20"]
[Round "2"]
[White "Brandauer, Martin"]
[Black "Krammer, Jan Elias"]
[Result "1-0"]
[WhiteElo "1090"]
[BlackElo "911"]
[PlyCount "53"]
[EventDate "2014.06.20"]
[EventType "swiss"]
[EventRounds "7"]
[EventCountry "AUT"]
[SourceTitle "EXT 2016"]
[Source "ChessBase"]
[SourceDate "2015.10.08"]
[SourceVersion "1"]
[SourceVersionDate "2015.10.08"]
[SourceQuality "1"]

1. e4 e5 2. Nf3 Nc6 3. Bd3 Nf6 4. 0-0 d5 5. Qe2 Bg4 6. Nc3 d4 7. Nb5 a6 8. Na3 Bc5 9. c3 0-0 10. Nc4 b5 11. Na3 Qd6 12. h3 Bh5 13. Bxb5 axb5 14. Nxb5 Qd7 15. Qd3 Na7 16. cxd4 exd4 17. Nbxd4 Nc6 18. Qc4 Nxe4 19. Nxc6 Qxc6 20. Ne5 Qd6 21. Qxe4 Bg6 22. Qf4 Rae8 23. Re1 f6 24. Qc4+ Bf7 25. Nxf7 Rxf7 26. Rxe8+ Qf8 27. Rxf8+ 1-0

[Event "AUT-ch U10"]
[Site "Velden"]
[Date "2014.06.20"]
[Round "3"]
[White "Rosol, Alexander"]
[Black "Brandauer, Martin"]
[Result "1-0"]
[WhiteElo "1196"]
[BlackElo "1090"]
[PlyCount "35"]
[EventDate "2014.06.20"]
[EventType "swiss"]
[EventRounds "7"]
[EventCountry "AUT"]
[SourceTitle "EXT 2016"]
[Source "ChessBase"]
[SourceDate "2015.10.08"]
[SourceVersion "1"]
[SourceVersionDate "2015.10.08"]
[SourceQuality "1"]

1. e4 e5 2. Nf3 Nc6 3. Bc4 Bc5 4. Nc3 Nf6 5. d3 Ng4 6. 0-0 0-0 7. h3 Nxf2 8. Rxf2 Bxf2+ 9. Kxf2 Qf6 10. Nd5 Qd6 11. Nh4 Qc5+ 12. Be3 Nd4 13. c3 d6 14. cxd4 exd4 15. Bf4 Qc6 16. Qf3 b5 17. Ne7+ Kh8 18. Nxc6 1-0